Handlungsorientiert lehren und lernen : Schuleraktivierung - Selbsttatigkeit - Projektarbeit
Αποθηκεύτηκε σε:
| Κύριος συγγραφέας: | |
|---|---|
| Μορφή: | Βιβλίο |
| Γλώσσα: | German |
| Δημοσίευση: |
Bad Heilbrunn/Obb. :
Klinkhardt,
2001
|
| Έκδοση: | 6., uberarb. und erw. Aufl. |
| Σειρά: | Erziehen und Unterrichter in der Schule
|
| Θέματα: | |
| Ετικέτες: |
Προσθήκη ετικέτας
Δεν υπάρχουν, Καταχωρήστε ετικέτα πρώτοι!
|
MARC
| LEADER | 00000nam a2200000 i 4500 | ||
|---|---|---|---|
| 001 | 1/60653 | ||
| 008 | 040914s2001 ger d | ||
| 020 | |a 3-7815-1131-6 | ||
| 035 | |l 10074332 | ||
| 040 | |a GR-MY-UA |b gre |e aacr | ||
| 041 | 0 | |a ger | |
| 082 | 0 | |a 371.3 |2 (21) | |
| 100 | 1 | |a Gudjons, Herbert. | |
| 245 | 1 | 0 | |a Handlungsorientiert lehren und lernen : |b Schuleraktivierung - Selbsttatigkeit - Projektarbeit / |c von Herbert Gudions |
| 250 | |a 6., uberarb. und erw. Aufl. | ||
| 260 | |a Bad Heilbrunn/Obb. : |b Klinkhardt, |c 2001 | ||
| 300 | |a 160 p.; |c 21 cm | ||
| 490 | 1 | |a Erziehen und Unterrichten in der Schule | |
| 650 | 0 | 0 | |a Teaching |z Germany. |
| 650 | 0 | 0 | |a Active learning |z Germany. |
| 650 | 0 | 0 | |a Individualized instruction |z Germany. |
| 830 | 0 | |a Erziehen und Unterrichter in der Schule | |
| 852 | |a INST |b RHODES |e 20040914 |h 371.3 GUD |p 005400023412 |q 005400023412 |t BK |y 0 | ||
| 901 | |a BIBL4-2005-2 | ||
| 909 | |a Ρ |b 113191 | ||
| 922 | |a 4ΕΛΗ |b 200408 |c ΕΠΕΑΕΚ2/ΠΤΔΕ |d ΜΙΧΑΛΟΠΟΥΛΟΣ | ||
| 970 | |a ΚΟΖΑ |b ΜΑΡΙΑ |z 2005/05/30 | ||